| 000 | 00595nam a2200169 a 4500 | ||
|---|---|---|---|
| 001 | 000038899 | ||
| 005 | 20201002031418.0 | ||
| 008 | 130502s1968 ag c 000 0 spa d | ||
| 040 |
_aDO-SdBNP _bspa _cBNPHU |
||
| 100 | 1 |
_aHines, Jerone _965167 |
|
| 240 | 1 | 0 |
_a"This is my story, this is my song" _lEspañol |
| 245 | 1 | 0 |
_a"Esta es mi historia y es mi canción" / _cJerome Hines ; versión castellana por Arnoldo Canclini. |
| 260 |
_a[Argentina] : _bCasa Bautista , _c1968. |
||
| 300 |
_a144 p. : _bil. ; _c27 cm. |
||
| 500 | _aTraducido del idioma inglés | ||
| 700 | 1 |
_aCanclini, Arnoldo _etr. _923732 |
|
| 999 |
_c38389 _d38389 |
||